000 00620nam a22002057a 4500
003 DO-SdBNP
005 20230215095623.0
007 ta
008 210827b2018 dr ||||| |||| 00| 0 spa d
020 _a9789945609929
040 _aDO-SdBNP
_bspa
_cBNPHU
082 4 _bM779r
_222
100 1 _aMontesino, Max U.
_929459
245 1 0 _aRetrato del dominicano en la organización :
_bimpacto de la cultura nacional en el compartamiento gerencial /
_cMax U. Montesino
260 _aSanto Domingo :
_bSantuario,
_c2018
300 _a300 p. ;
_c24 cm.
590 _aInventariado, 2021 / DG
910 _aD/G
942 _2ddc
_cLBS1
999 _c50301
_d50301